000 01660nam a2200349 i 4500
001 000027079
003 DO-SdBNP
005 20250409122710.0
007 ta
008 110329s1979 dr abc 000 0 spa d
040 _aDO-SdBNP
_bspa
_cBNPHU
_erda
082 4 _a972.9301
_bV443i
_222
100 1 _aVeloz Maggiolo, Marcio,
_d1936-2021
_eautor
_91104
245 1 0 _aInvestigaciones arqueológicas en la provincia de Pedernales, República Dominicana /
_cMarcio Veloz Maggiolo, Fernando Luna Calderon, Renato O. Rimoli.
264 1 _aSan Pedro de Macorís, República Dominicana :
_bEdiciones de la UCE,
_c1979.
300 _a99 páginas :
_bilustraciones, mapa, retratos ;
_c22 cm.
336 _2rdacontent
_atexto
_btxt
337 _2rdamedia
_asin mediación
_bn
338 _2rdacarrier
_avolumen
_bnc
490 _aCientífica
_v8
505 0 _aArqueología de Pedernales /
_rMarcio Veloz Maggiolo --
_tAntropología y paleopatología de Cueva Roja: provincia de Pedernales, República Dominicana /
_rFernando Luna Calderón --
_tZooarqueología de de Cueva Roja: provincia de Pedernales, República Dominicana /
_rRenato O. Rímoli.
590 _aInventariado, 2020/BT
650 4 _aArqueología e historia
_933829
650 4 _aArqueología indígena
_xInvestigaciones
_954153
651 4 _aPedernales (República Dominicana{Rpara}
_xArqueología
_954154
651 4 _aRepública Dominicana
_xHistoria
_yÉpoca Prehispánica, hasta 1492
_954155
700 1 _aLuna Calderon, Fernando,
_920023
_eautor
700 1 _aRímoli, Renato O
_936749
710 1 2 _aUniversidad Central del Este
_937229
910 _aValidado. Control de calidad EMS
942 _2ddc
_cLBS1
999 _c26571
_d26571